000 00655cam a2200241 a 4500
001 2788726
005 20180131051723.0
008 811202s1982 enka b 001 0 eng
010 _a 81020827
020 _a0582300169 :
_c£13.00
020 _a0582300177 (pbk.) :
_c£6.95
040 _aDLC
_cDLC
_dDLC
041 _aeng
043 _as-bl---
080 _a333.730981 JOH
082 0 0 _a333.730981 JOH
_219
100 1 _a52
101 _aECO
245 1 0 _aBrazil /
_cJohn Dickenson ; with a foreword by J.M. Houston.
504 _aIncludes bibliography and index.
906 _a7
_bcbc
_corignew
_d1
_eocip
_f19
_gy-gencatlg
942 _2ddc
_cBK
999 _c41370
_d41370